سياسات التشغيل في البلدان العربية / (Record no. 26602)

MARC details
000 -الفاتح
حقل البيانات ثابتة الطول 01593nam a22003015a 4500
003 - محدد رقم الضبط
رقم الضبط EG-ScBUE
005 - وقت وتاريخ اخر تعامل مع التسجيلة
رقم الضبط 20221204121450.0
008 - عناصر البيانات ثابتة الطول - معلومات عامة
حقل البيانات ثابتة الطول 180428s1993 ua a f b 000 0 ara d
040 ## - مصدر الفهرسة
وكالة الفهرسة الأصلية EG-ScBUE
لغة الفهرسة ara
قواعد الوصف rda
وكالة النسخ EG-ScBUE
وكالة التعديل EG-ScBUE
043 ## - رمز المنطقة الجغرافية
رمز المنطقة الجغرافية ma-----
082 04 - رقم تصنيف ديوى العشرى
رقم التصنيف 331.1109174927
رقم المادة س ي ا
رقم الطبعة 22
111 2# - المدخل الرئيسى - اسم مؤتمر
اسم المؤتمر أو اسم السلطة كمدخل ندوة سياسات التشغيل في البلدان العربية
تاريخ الاجتماع (10 - 12 مايو 1993 :
موقع المؤتمر القاهرة)
وحده ملحقة مؤلف.
245 10 - بيان العنوان
العنوان سياسات التشغيل في البلدان العربية /
بيان المسئوليه,etc منظمة العمل العربية، البرنامج الإنمائي للأمم المتحدة.
264 #1 - النشر، التوزيع
مكان الناشر او الموزع القاهرة :
اسم الناشر او الموزع منظمة العمل العربية، مكتب العمل العربي،
تاريخ النشر أو التوزيع 1993.
300 ## - الوصف المادى
التعداد 2 مجلد :
تفاصيل ماديه اخرى للوعاء إيضاحيات ؛
أبعاد الوعاء 24 سم
504 ## - تبصرة ببليوجرافية
تبصرة ببليوجرافية,الخ يشتمل على إرجاعات ببليوجرافية.
505 2# - تبصرة محتويات-الفهرس
تبصرة المحتويات المصاغة المجلد الأول. الدراسات الأساسية -- المجلد الثاني. الأوراق القطرية.
541 ## - تبصرة المصدر المباشر للتزويد
مصدر التزويد أ. محمد فريد خميس ؛
طريقة التزويد إهداء ؛
650 #7 - المدخل الاضافى بالموضوع-مصطلح موضوعى
مصطلح موضوعي أو اسم جغرافي كعنصر مدخل العمل والعمال
التقسيم الفرعي الجغرافي البلاد العربية.
مصدر الرأس أو المصطلح BUEsh
650 #7 - المدخل الاضافى بالموضوع-مصطلح موضوعى
مصطلح موضوعي أو اسم جغرافي كعنصر مدخل القوى العاملة
التقسيم الفرعي الجغرافي البلاد العربية.
مصدر الرأس أو المصطلح BUEsh
651 ## - المدخل الاضافى بالموضوع - اسم جغرافى
مصدر الرأس أو المصطلح BUEsh
653 ## - مصطلح تكشيفى غير مقيد
Resource For college BAEPS, Political Science
-- Generalities
Arrived date list April2018
655 ## - مصطلح تكشيفى-نوع/شكل
التقسيم الفرعي الشكلي Reading book
710 2# - المدخل الاضافى - اسم هيئه
اسم الهيئة أو اسم السلطة كمدخل منظمة العمل العربية.
وحده ملحقة مكتب العمل العربي،
الدور مؤلف.
710 2# - المدخل الاضافى - اسم هيئه
اسم الهيئة أو اسم السلطة كمدخل منظمة العمل الدولية.
وحده ملحقة مكتب العمل الدولي.
710 2# - المدخل الاضافى - اسم هيئه
اسم الهيئة أو اسم السلطة كمدخل برنامج الأمم المتحدة الإنمائي.
942 ## - عناصر المدخل الإضافي( كوها)
مصدر التصنيف او مخطط الترفيف Dewey Decimal Classification
Holdings
حالة التراجع حالة الفقد مصدر التصنيف او خطة الترفيف حالة تلف ليس للاعارة مجموعات كوها المكان الدائم المكان الحالي موقع الترفيف تاريخ الاكتساب Source of acquisition رقم الاستدعاء الباركود Date last seen تبصرة غير عامة( المفوع للعناصر المفقوده) نوع الوعاء تبصرة عامة
    Dewey Decimal Classification     Donation-Gift Central Library Central Library Ground Floor 28/04/2018 Donation 331.1109174927 س ي ا 000043352 15/07/2025 إهداء من أ. محمد فريد خميس Book - Borrowing 1
    Dewey Decimal Classification     Donation-Gift Central Library Central Library First floor 04/12/2022 Donation 331.1109174927 س ي ا 000056606 15/07/2025   Book - Borrowing 2